BIBLIOTHÈQUE DE LA MAISON DU MEXIQUE

Logo 1 Logo 2

Historia de la astronomía (notice nᵒ 911)

détails MARC
000 -Sello discográfico
campo de control de longitud fija 01003nam a2200337 4500
005 - Identificación de versión
campo de control 20251016082516.0
035 ## - Otros números de control del sistema
Número de control del sistema 3353
099 ## - fechas locales
Tipo de ítem Koha LIBRO
100 ## - Datos de procesamiento general
Datos de procesamiento general 19960723d1956 m y1spay5003 ba
101 ## - Idioma del recurso
Idioma del texto, banda sonora, etc. Español; Castellano
Idioma de la obra original Italiano
105 ## - Campo de datos codificados: Material textual, monográfico
Datos codificados de monografía a 001zy
200 1# - Título y mención de responsabilidad
Título propio Historia de la astronomía
Designación general del material texto impreso
Primer mención de responsabilidad Giorgio Abetti
Declaración de responsabilidad subsiguiente traducción Alejandro Rossi
205 ## - Declaración de edición
Declaración de edición 1a ed
210 ## - Publicación, distribución, etc.
Lugar de publicación, distribución, etc. México
Nombre del editor, distribuidor, etc. Fondo de Cultura Económica
Fecha de publicación, distribución, etc. 1956
215 ## - Descripción física
Designación de material específico y extensión del ítem 386 p
Otras características físicas il.
Dimensiones 17 cm
345 ## - Nota de información de adquisición
Fuente de adquisición/dirección de la suscripción [OBSOLETO] Donación
410 #1 - Series
Título Breviarios del Fondo de Cultura Económica
Número de volumen 118
454 #1 - Traducción de
Título Storia dell' Astronomia
606 ## - Término temático usado como materia
Elemento de entrada Astronomía
Subdivisión temática Historia
Número Koha 2455
660 ## - Código de área geográfica
Código MX
686 ## - Otros números de clasificación
Código del sistema nal
700 ## - Nombre personal - Responsabilidad primaria
Elemento de entrada Abetti
Parte del nombre distinta del elemento de entrada Giorgio
Fechas 1882-1982
Número Koha 2456
702 ## - Nombre personal - Responsabilidad secundaria
Elemento de entrada Rossi Guerrero
Parte del nombre distinta del elemento de entrada Alejandro Francisco
Fechas 1932-2009
Número Koha 2457
801 #0 - Fuente de origen
Agencia cm
900 ## -
-- 1/12593
900 ## -
-- 710962086\\230796
942 ## - ELEMENTOS DE ENTRADA SECUNDARIOS (KOHA)
Tipo de ítem Koha Livre
996 ## -
-- MEX
-- 751145101
-- MMAG
-- 004597
-- 082.1 B846 V.118
-- 20210217LIV
Exemplaires
Estatus retirado Estado de daño Estado de pérdida Fecha de adquisición Biblioteca de origen Biblioteca actual Ubicación en estantería Código de barras Precio de reemplazo Signatura topográfica completa No para préstamo Tipo de ítem Koha Nota pública Nota no pública
      05/08/2025 Casa México Paris Casa México Paris   004597 05/08/2025 082.1 B846 V.118   Livre 20210217LIV 751145101